Knock Knock Dinosaur / (Record no. 48780)
| 000 -LEADER | |
|---|---|
| fixed length control field | 00366nam a2200121 4500 |
| 020 ## - INTERNATIONAL STANDARD BOOK NUMBER | |
| International Standard Book Number | 9781444928495 |
| 100 ## - MAIN ENTRY--PERSONAL NAME | |
| Personal name | Hart, Caryl, |
| Relator term | author. |
| 9 (RLIN) | 60753 |
| 245 ## - TITLE STATEMENT | |
| Title | Knock Knock Dinosaur / |
| Statement of responsibility, etc | by Caryl Hart and Nick East. |
| 260 ## - PUBLICATION, DISTRIBUTION, ETC. (IMPRINT) | |
| Place of publication, distribution, etc | UK. : |
| Name of publisher, distributor, etc | Hodder Children's books ; |
| Date of publication, distribution, etc | 2017. |
| 300 ## - PHYSICAL DESCRIPTION | |
| Extent | 32 pages. |
| Dimensions | 10.35 x 0.39 x 10.71 inches. |
| 490 ## - SERIES STATEMENT | |
| Series statement | Knock Knock |
| 942 ## - ADDED ENTRY ELEMENTS (KOHA) | |
| Source of classification or shelving scheme | |
| Koha item type | Book |
| Withdrawn status | Lost status | Source of classification or shelving scheme | Damaged status | Not for loan | Home library | Current library | Date acquired | Total Checkouts | Full call number | Barcode | Date last seen | Price effective from | Koha item type |
|---|---|---|---|---|---|---|---|---|---|---|---|---|---|
| Logos International School | Logos International School | 08/05/2025 | E HAR | 040586 | 08/06/2025 | 08/05/2025 | Book |